[Event "AUT-ch 2018"]
[Site "Vienna"]
[Date "2018.07.23"]
[Round "3"]
[White "Sandhoefner, Florian"]
[Black "Hapala, Elisabeth"]
[Result "1/2-1/2"]
[WhiteElo "2327"]
[BlackElo "2131"]
[Annotator "NA"]
[PlyCount "84"]
[EventDate "2018.07.22"]
[EventType "swiss"]
[EventCountry "AUT"]
[SourceTitle "playchess.com"]
[Source "ChessBase"]
[SourceQuality "1"]
[TimeControl "40/5400+30:1800+30"]

1. e4 {[%emt 0:00:00]} c5 {[%emt 0:00:04]} 2. Nf3 {[%emt 0:00:00]} e6 {[%emt 0:00:06]} 3. d4 {[%emt 0:00:00]} cxd4 {[%emt 0:00:03]} 4. Nxd4 {[%emt 0:00:00]} a6 {[%emt 0:00:13]} 5. Bd3 {[%emt 0:00:00]} Bc5 {[%emt 0:00:17]} 6. Nb3 {[%emt 0:00:00]} Ba7 {[%emt 0:00:05]} 7. Nc3 {[%emt 0:00:24]} Nc6 {[%emt 0:00:34]} 8. Qe2 {[%emt 0:00:08]} d6 {[%emt 0:00:24]} 9. Be3 {[%emt 0:00:14]} Nge7 {[%emt 0:00:55]} 10. f4 {[%emt 0:02:23] B42: Sicilian: Kan Variation: 5 Bd3} b5 {[%emt 0:10:22]} 11. Bxa7 {[%emt 0:01:29]} (11. a4 b4 12. Nd1 Ng6 13. g3 O-O 14. Bxa7 Rxa7 15. Ne3 Na5 16. Nxa5 Qxa5 17. b3 Qc5 {1-0 (46) Svidler,P (2765)-Romanov,E (2626) St Petersburg 2017}) 11... Rxa7 {[%emt 0:01:09]} 12. Qf2 {[%emt 0:00:30]} Rd7 {[%emt 0:19:24]} 13. O-O-O $146 {[%emt 0:02:53]} ({Predecessor:} 13. O-O O-O 14. f5 Rb7 15. Kh1 Ne5 16. Qg3 f6 17. a4 b4 {0-1 (32) Postnikov,D (2116)-Girya,O (2335) Dagomys 2009}) 13... Ng6 {[%emt 0:13:58]} 14. Rd2 {[%emt 0:06:19]} O-O {[%emt 0:02:34]} 15. h4 {[%emt 0:08:09]} e5 {[%emt 0:06:03]} 16. f5 {[%emt 0:05:59]} Nf4 {[%emt 0:00:42]} 17. Bf1 {[%emt 0:00:59]} Nh5 {[%emt 0:20:08]} 18. Be2 {[%emt 0:05:42]} Nf6 {[%emt 0:00:29]} 19. Bf3 {[%emt 0:01:10]} Na5 {[%emt 0:05:21]} 20. g4 {[%emt 0:07:41]} Nc4 {[%emt 0:00:28]} 21. Rd3 {[%emt 0:03:40]} Qb6 {[%emt 0:01:44]} 22. Qg3 {[%emt 0:07:50]} b4 {[%emt 0:01:20]} 23. g5 {[%emt 0:01:31]} Ne8 {[%emt 0:00:16]} 24. Nd5 {[%emt 0:00:20]} Qd8 {[%emt 0:05:47]} 25. f6 {[%emt 0:01:29]} g6 $2 {[%emt 0:01:55]} (25... Bb7 $16) 26. Bg4 {[%emt 0:01:16]} h5 {[%emt 0:06:59]} 27. Bxd7 {[%emt 0:02:41]} Bxd7 {[%emt 0:00:16]} 28. Qf2 {[%emt 0:02:48]} Nc7 {[%emt 0:01:13]} 29. Ne7+ {[%emt 0:01:43]} Kh7 {[%emt 0:00:02]} 30. Nd2 {[%emt 0:02:23]} Bb5 {[%emt 0:00:40]} 31. Rd1 {[%emt 0:03:42]} Ne6 $2 {[%emt 0:01:17]} (31... Na5 32. Re3 Ne6) 32. Nxc4 {[%emt 0:01:21]} Bxc4 {[%emt 0:00:01]} 33. Rxd6 {[%emt 0:00:42]} Qa5 {[%emt 0:00:06] [#]} 34. b3 $2 {[%emt 0:01:10]} (34. Nxg6 $1 $18 fxg6 35. Qa7+ Nc7 36. Rd7+ Bf7 37. R1d5) 34... Qxa2 {[%emt 0:00:59]} 35. bxc4 {[%emt 0:01:04]} Qa1+ {[%emt 0:00:24]} 36. Kd2 {[%emt 0:00:47]} Qc3+ {[%emt 0:00:02]} 37. Ke2 {[%emt 0:01:58]} Nf4+ {[%emt 0:00:34]} 38. Kf1 {[%emt 0:01:03]} Qh3+ {[%emt 0:00:40]} 39. Ke1 {[%emt 0:02:30]} Ng2+ {[%emt 0:00:14]} 40. Ke2 {[%emt 0:01:58]} Nf4+ {[%emt 0:30:09]} 41. Ke1 {[%emt 0:30:28]} Ng2+ {[%emt 0:02:21]} 42. Ke2 {[%emt 0:00:50]} Nf4+ $11 1/2-1/2

[Event "AUT-ch 2018"]
[Site "Vienna"]
[Date "2018.07.23"]
[Round "3"]
[White "Mostbauer, Florian"]
[Black "Mayrhuber, Nikola"]
[Result "1/2-1/2"]
[WhiteElo "2319"]
[BlackElo "2046"]
[Annotator "TA"]
[PlyCount "175"]
[EventDate "2018.07.22"]
[EventType "swiss"]
[EventCountry "AUT"]
[SourceTitle "playchess.com"]
[Source "ChessBase"]
[SourceQuality "1"]

{[%evp 25,175,0,18,9,15,11,12,-17,57,45,53,43,124,123,118,119,122,99,124,35,31,21,22,22,26,28,36,8,18,12,14,8,8,8,22,22,22,22,22,0,8,8,22,22,22,18,22,0,22,22,22,0,0,0,0,0,0,0,0,0,0,0,0,0,0,0,0,0,0,0,0,0,0,0,0,0,0,0,0,0,0,0,0,0,0,0,0,0,0,0,0,0,0,0,0,0,0,0,0,0,0,0,0,0,0,0,0,0,0,0,0,0,0,0,0,0,0,0,0,0,0,0,0,0,0,0,0,0,0,0,0,0,0,0,0,0,0,0,0,0,0,0,0,0,0,0,0,0,0,0,0,0]} 1. c4 e6 2. Nc3 d5 3. cxd5 exd5 4. d4 c6 5. Nf3 Bf5 6. Bg5 Be7 7. Bxe7 Qxe7 8. e3 Nd7 9. Bd3 Bxd3 10. Qxd3 Ngf6 11. O-O O-O 12. Nd2 Rfe8 13. Rfc1 Ne4 14. Ncxe4 {D35: Damengambit (Abtauschvariante)} dxe4 15. Qb3 $146 ({Vorgänger:} 15. Qc4 Qh4 16. b4 Rad8 17. Nf1 Nb6 18. Qe2 Rd5 19. Rc5 f5 20. f4 exf3 21. Qxf3 Rxd4 {0-1 (58) Hernando Garcia,A (2240)-Baron Rodriguez,J (2350) Aragon 1998}) 15... Nb6 16. Nc4 Nxc4 (16... Nd5 $11) 17. Rxc4 $14 Rad8 18. Rc5 Rd6 {[#]} (18... g6 $14) 19. Re5 $1 $16 {[%cal Re5e7]} Re6 20. Rxe6 fxe6 {[%mdl 4096] Endspiel KDT-KDT} 21. Rc1 Qf7 {[#]} 22. Qa4 ({Besser ist} 22. Rc5 $1 $16) 22... Rf8 $14 23. Rc2 (23. Qc2 {seems wilder.} a6 24. h3 Qf5 25. a4 Rd8 26. Qb3) 23... a6 24. Qa5 h6 25. b3 Qf5 26. Qd2 Qh5 {Die Stellung ist ausgeglichen.} 27. Rc5 Rf5 28. b4 Rd5 29. h3 (29. a4 {is more complex.} Qf5 30. Qe2 h5 31. h3 Kf7 32. Kf1) 29... e5 30. Rxd5 cxd5 31. dxe5 Qxe5 $11 {KD-KD} 32. Qc1 Kh7 33. a4 Qe8 34. Qc2 Kg8 35. Kf1 Qe5 36. a5 Kf7 37. g3 Kg6 38. Qa4 d4 39. exd4 Qxd4 40. Qe8+ Kh7 41. Qf8 e3 42. fxe3 Qxe3 43. Qf5+ Kh8 44. Qc8+ Kh7 45. Qxb7 Qxg3 46. b5 Qxh3+ 47. Kf2 Qh2+ 48. Ke3 Qg1+ 49. Kd3 Qd1+ 50. Kc3 Qc1+ 51. Kd4 Qg1+ 52. Ke5 Qc5+ 53. Ke6 Qc4+ 54. Kd6 Qd4+ 55. Kc7 Qc5+ 56. Kb8 Qe5+ 57. Kc8 Qe8+ 58. Kc7 Qe5+ 59. Kc6 Qe6+ 60. Kc5 Qe5+ 61. Qd5 Qe3+ 62. Kc6 Qe8+ 63. Kb7 axb5 64. a6 Qe7+ 65. Kb6 Qf6+ 66. Qc6 (66. Kxb5 Qb2+ 67. Kc6 Qf6+ 68. Kb5 Qb2+ 69. Kc6 Qf6+ 70. Kb5 $14) 66... Qd8+ 67. Qc7 Qd4+ 68. Kb7 Qe4+ 69. Qc6 Qe7+ 70. Kc8 {Und Dc2+ würde nun gewinnen.} Qf8+ 71. Kd7 {Droht De4+ und aus.} Qf7+ 72. Kd6 Qf6+ 73. Kc5 Qe5+ 74. Qd5 Qc7+ 75. Kb4 {Und weiter mit Df5+ wäre nett.} ({Bloß nicht} 75. Kxb5 Qb8+ 76. Ka4 (76. Qb7 Qe5+ 77. Kc4 Qe2+ 78. Kc5 Qe3+ 79. Kc6 Qf3+ 80. Kd6 Qf4+ 81. Ke7 Qf6+ 82. Ke8 Qe6+ 83. Kd8 Qd6+ 84. Kc8 Qe6+ 85. Kc7 Qe7+ 86. Kb8 Qe8+ 87. Qc8 Qb5+ 88. Ka8 Qd5+ 89. Qb7 Qd8+ 90. Ka7 Qd4+ 91. Ka8 Qd8+ 92. Qb8 Qd5+ 93. Qb7 Qd8+ $14) 76... Qf4+ 77. Kb3 Qb8+ 78. Kc3 Qf8 $16) 75... Qe7+ 76. Kxb5 Qe2+ 77. Qc4 Qe5+ 78. Kc6 {Schwarz muss nun Dd3+ beachten.} Qf6+ 79. Kd5 {Droht stark De4+.} Qf7+ 80. Kd4 Qf4+ 81. Kc3 Qc1+ 82. Kd4 Qf4+ 83. Kd3 Qf1+ 84. Kc3 Qc1+ 85. Kb3 Qb1+ 86. Ka4 Qa1+ 87. Kb5 Qe5+ 88. Qc5 {Precision: Weiß = 65%, Schwarz = 63%.} 1/2-1/2

[Event "AUT-ch 2018"]
[Site "Vienna"]
[Date "2018.07.23"]
[Round "3"]
[White "Vitouch, Anatol"]
[Black "Neubauer, Martin"]
[Result "1/2-1/2"]
[WhiteElo "2317"]
[BlackElo "2439"]
[Annotator "TA"]
[PlyCount "50"]
[EventDate "2018.07.22"]
[EventType "swiss"]
[EventCountry "AUT"]
[SourceTitle "playchess.com"]
[Source "ChessBase"]
[SourceQuality "1"]

{[%evp 9,50,0,21,6,77,78,111,106,122,118,104,110,116,95,83,120,112,88,77,73,69,61,64,51,60,31,45,39,55,24,14,0,0,0,0,0,-10,-25,0,-14,0,-26,0]} 1. d4 {[%cal Bd2d4,Bd4e5][%mdl 32]} d5 2. Bg5 Nc6 3. e3 f6 4. Bh4 Nh6 5. c4 {[%cal Bc2c4,Bc4d5][%mdl 32]} e5 6. dxe5 {D00: Damenbauernspiele} Nf5 $146 (6... Bb4+ $11 {hält das Gleichgewicht.} 7. Nd2 Nf5) ({Vorgänger:} 6... Bb4+ 7. Nc3 d4 8. exd4 Qxd4 9. Qxd4 Nxd4 10. O-O-O Bxc3 11. bxc3 {½-½ (51) Turner,M (2493)-Hansen,T (2472) Fagernes 2016}) 7. cxd5 $16 {[#] Und Lxf6 würde nun gewinnen.} Nb4 8. Nc3 {Droht Lg3 und aus.Weiß steht besser.} Nxh4 9. a3 {[%cal Ba2a3,Ba3b4][%mdl 32]} Ng6 {[%cal Bh4g6,Bg6e5,Be5g4][%mdl 32]} 10. axb4 {Und weiter mit Lb5+ wäre nett.} Nxe5 11. f4 Ng4 12. Bb5+ Kf7 13. Qd4 Qe7 14. Ke2 Qxb4 15. Qxb4 Bxb4 16. h3 Nh6 17. e4 Rd8 18. Nf3 Kf8 19. g4 Nf7 20. Rad1 Bd6 21. Ke3 a6 22. Bd3 Bc5+ 23. Ke2 Bd6 24. Ke3 Bc5+ 25. Ke2 Bd6 {Precision: Weiß = 70%, Schwarz = 55%.} 1/2-1/2

[Event "AUT-ch 2018"]
[Site "Vienna"]
[Date "2018.07.23"]
[Round "3"]
[White "Wallner, Joachim"]
[Black "Schwabeneder, Florian"]
[Result "1/2-1/2"]
[WhiteElo "2311"]
[BlackElo "2431"]
[Annotator "TA"]
[PlyCount "61"]
[EventDate "2018.07.22"]
[EventType "swiss"]
[EventCountry "AUT"]
[SourceTitle "playchess.com"]
[Source "ChessBase"]
[SourceQuality "1"]

{[%evp 21,61,22,22,7,22,14,16,15,14,9,0,0,16,0,15,14,14,0,0,0,0,0,0,0,50,0,0,0,0,0,0,0,0,0,0,0,0,0,0,0,66,0]} 1. Nf3 g6 2. d4 Bg7 3. Nbd2 d6 4. e4 Nf6 5. Bd3 O-O 6. O-O Nc6 7. c3 e5 8. dxe5 Nxe5 9. Nxe5 dxe5 10. Nc4 Nh5 11. g3 {B07: Pirc Defence: Miscellaneous Systems} Qe7 {LiveBook: 6 Games} 12. Be2 Nf6 13. Qc2 {The position is equal.} Be6 $146 ({Predecessor:} 13... a5 14. a4 Rd8 15. b3 b6 16. Bg5 h6 17. Be3 Bh3 18. Rfd1 Ng4 {½-½ (49) Meduna,E (2485)-Tringov,G (2425) Forli 1989}) 14. b3 Rfd8 15. Ba3 Qe8 16. Rfd1 Nd7 17. Ne3 Bf8 18. Bxf8 Qxf8 19. Bg4 Bxg4 20. Nxg4 {[#] And now Rxd7! would win.} Qe7 21. Rd2 h5 22. Ne3 Nf6 23. Rad1 Rxd2 24. Rxd2 Rd8 25. f3 Kg7 26. h4 Rd7 27. Qd1 Qc5 28. Kf2 Rxd2+ 29. Qxd2 a5 30. Ke2 Qe7 ({Black should try} 30... Qb5+ $11 31. c4 Qc5) 31. Nd5 {Precision: White = 48%, Black = 63%.} (31. Nc4 $1 $14) 1/2-1/2

[Event "AUT-ch 2018"]
[Site "Vienna"]
[Date "2018.07.23"]
[Round "3"]
[White "Kummer, Helmut"]
[Black "Froewis, Annika"]
[Result "1-0"]
[WhiteElo "2290"]
[BlackElo "2128"]
[Annotator "ChessBase"]
[PlyCount "53"]
[EventDate "2018.07.22"]
[EventType "swiss"]
[EventCountry "AUT"]
[SourceTitle "playchess.com"]
[Source "ChessBase"]
[SourceQuality "1"]
[TimeControl "40/5400+30:1800+30"]

1. d4 {[%emt 0:00:00]} d5 {[%emt 0:00:00]} 2. c4 {[%emt 0:00:00]} e6 3. Nc3 {[%emt 0:00:00]} c6 {[%emt 0:00:17]} 4. Nf3 {[%emt 0:00:52]} Nf6 {[%emt 0:00:07]} 5. e3 {[%emt 0:00:15]} Nbd7 {[%emt 0:00:19]} 6. Bd3 {[%emt 0:05:58]} dxc4 {[%emt 0:01:49]} 7. Bxc4 {[%emt 0:00:07]} b5 {[%emt 0:00:12]} 8. Bd3 {[%emt 0:00:06]} a6 {[%emt 0:00:26]} 9. e4 {[%emt 0:03:56]} c5 {[%emt 0:00:45]} 10. e5 {[%emt 0:01:28]} cxd4 {[%emt 0:01:30]} 11. Nxb5 {[%emt 0:02:43]} axb5 {[%emt 0:00:35]} 12. exf6 {[%emt 0:00:06]} gxf6 {[%emt 0:00:41]} 13. O-O {[%emt 0:00:24]} Qb6 {[%emt 0:11:22]} 14. Qe2 {[%emt 0:01:14]} Bb7 {[%emt 0:11:07]} 15. Bxb5 {[%emt 0:03:15]} Rg8 {[%emt 0:02:40]} 16. Bf4 {[%emt 0:03:28]} Bc5 {[%emt 0:14:01]} 17. Rfd1 {[%emt 0:13:17]} Ke7 {[%emt 0:06:29]} 18. Bg3 {[%emt 0:19:25]} h5 {[%emt 0:23:09]} 19. a4 {[%emt 0:06:51]} Bd5 {[%emt 0:10:17]} 20. b4 {[%emt 0:01:39]} Bxf3 {[%emt 0:05:13]} 21. Qxf3 {[%emt 0:00:20]} Bd6 {[%emt 0:02:43]} 22. Bxd7 {[%emt 0:05:39]} Bxg3 {[%emt 0:01:47]} 23. hxg3 {[%emt 0:00:56]} Kxd7 {[%emt 0:00:24]} 24. Qxf6 {[%emt 0:00:10]} Ke8 {[%emt 0:01:30]} 25. Rxd4 {[%emt 0:02:33]} Qb7 {[%emt 0:02:33]} 26. Rad1 {[%emt 0:00:49]} Qe7 {[%emt 0:00:30]} 27. Qe5 {[%emt 0:00:57]} 1-0

[Event "AUT-ch 2018"]
[Site "Vienna"]
[Date "2018.07.23"]
[Round "3"]
[White "Sadilek, Peter"]
[Black "Toelly, Michael"]
[Result "1-0"]
[WhiteElo "2268"]
[BlackElo "2127"]
[Annotator "ChessBase"]
[PlyCount "93"]
[EventDate "2018.07.22"]
[EventType "swiss"]
[EventCountry "AUT"]
[SourceTitle "playchess.com"]
[Source "ChessBase"]
[SourceQuality "1"]
[TimeControl "40/5400+30:1800+30"]

1. d4 {[%emt 0:00:00]} Nf6 {[%emt 0:00:14]} 2. Nf3 {[%emt 0:00:25]} e6 {[%emt 0:00:28]} 3. g3 {[%emt 0:01:30]} d5 {[%emt 0:00:15]} 4. Bg2 {[%emt 0:00:11]} Nbd7 {[%emt 0:01:11]} 5. O-O {[%emt 0:00:23]} Be7 {[%emt 0:01:16]} 6. c4 {[%emt 0:01:04]} c6 {[%emt 0:01:13]} 7. Nc3 {[%emt 0:01:20]} O-O {[%emt 0:00:45]} 8. Bf4 {[%emt 0:01:47]} Nh5 {[%emt 0:08:02]} 9. Bc1 {[%emt 0:03:51]} f5 {[%emt 0:00:40]} 10. b3 {[%emt 0:02:32]} Nhf6 {[%emt 0:08:41]} 11. e3 {[%emt 0:00:09]} Ne4 {[%emt 0:01:03]} 12. Ne2 {[%emt 0:00:09]} Ndf6 {[%emt 0:02:30]} 13. Ne5 {[%emt 0:06:33]} Bd7 {[%emt 0:03:56]} 14. Nf4 {[%emt 0:14:05]} Qc8 {[%emt 0:07:46]} 15. Bb2 {[%emt 0:12:08]} Be8 {[%emt 0:03:43]} 16. Rc1 {[%emt 0:04:45]} g5 {[%emt 0:02:38]} 17. Nfd3 {[%emt 0:05:09]} Bh5 {[%emt 0:01:12]} 18. f3 {[%emt 0:01:26]} Nd6 {[%emt 0:00:47]} 19. Ba3 {[%emt 0:13:25]} Qe8 {[%emt 0:03:17]} 20. Bc5 {[%emt 0:05:55]} Nf7 {[%emt 0:01:43]} 21. Bxe7 {[%emt 0:06:05]} Qxe7 {[%emt 0:00:28]} 22. Qd2 {[%emt 0:03:28]} Rac8 {[%emt 0:03:16]} 23. Nxf7 {[%emt 0:01:25]} Bxf7 {[%emt 0:01:44]} 24. e4 {[%emt 0:06:46]} h6 {[%emt 0:05:04]} 25. e5 {[%emt 0:03:52]} Nd7 {[%emt 0:00:51]} 26. cxd5 {[%emt 0:00:46]} exd5 {[%emt 0:00:45]} 27. f4 {[%emt 0:02:33]} g4 {[%emt 0:00:44]} 28. Qa5 {[%emt 0:00:54]} a6 {[%emt 0:00:20]} 29. Rfe1 {[%emt 0:00:46]} Be6 {[%emt 0:00:32]} 30. Qc3 {[%emt 0:00:56]} h5 {[%emt 0:02:38]} 31. a4 {[%emt 0:00:22]} Kg7 {[%emt 0:02:08]} 32. b4 {[%emt 0:00:22]} Qd8 {[%emt 0:03:38]} 33. Qb3 {[%emt 0:00:55]} Qb6 {[%emt 0:01:12]} 34. Qc3 {[%emt 0:00:04]} Kf7 {[%emt 0:00:31]} 35. Nc5 {[%emt 0:00:51]} Nxc5 {[%emt 0:00:49]} 36. bxc5 {[%emt 0:00:17]} Qc7 {[%emt 0:00:17]} 37. Rb1 {[%emt 0:00:24]} Ra8 {[%emt 0:02:00]} 38. Rb6 {[%emt 0:00:11]} Kg6 {[%emt 0:00:58]} 39. Qb3 {[%emt 0:00:32]} Rf7 {[%emt 0:03:08]} 40. Bxd5 {[%emt 0:00:55]} Bxd5 {[%emt 0:33:05]} 41. Qxd5 {[%emt 0:30:05]} Rd8 {[%emt 0:00:05]} 42. Qc4 {[%emt 0:00:00]} Kg7 {[%emt 0:00:00]} 43. e6 {[%emt 0:00:00]} Re7 {[%emt 0:00:00]} 44. Re5 {[%emt 0:00:00]} Kg6 {[%emt 0:00:00]} 45. Qd3 {[%emt 0:00:00]} Rf8 {[%emt 0:00:00]} 46. d5 {[%emt 0:00:00]} cxd5 {[%emt 0:00:00]} 47. Qxd5 {[%emt 0:00:00]} 1-0

[Event "AUT-ch 2018"]
[Site "Vienna"]
[Date "2018.07.23"]
[Round "3"]
[White "Gerhold, Michael"]
[Black "Hupfer, Robert"]
[Result "1-0"]
[WhiteElo "2254"]
[BlackElo "2122"]
[Annotator "ChessBase"]
[PlyCount "61"]
[EventDate "2018.07.22"]
[EventType "swiss"]
[EventCountry "AUT"]
[SourceTitle "playchess.com"]
[Source "ChessBase"]
[SourceQuality "1"]
[TimeControl "40/5400+30:1800+30"]

1. e4 {[%emt 0:00:00]} c6 {[%emt 0:00:05]} 2. d4 {[%emt 0:00:00]} d5 {[%emt 0:00:02]} 3. e5 {[%emt 0:00:00]} Bf5 {[%emt 0:00:10]} 4. Nf3 {[%emt 0:00:00]} e6 {[%emt 0:00:13]} 5. Be2 {[%emt 0:00:00]} Nd7 {[%emt 0:00:12]} 6. O-O {[%emt 0:01:28]} Ne7 {[%emt 0:00:27]} 7. Nbd2 {[%emt 0:01:50]} h6 {[%emt 0:02:03]} 8. Nb3 {[%emt 0:00:44]} Qc7 {[%emt 0:03:17]} 9. Bd2 {[%emt 0:02:27]} g5 {[%emt 0:09:37]} 10. Bb4 {[%emt 0:02:02]} Ng6 {[%emt 0:04:02]} 11. Bxf8 {[%emt 0:00:11]} Ndxf8 {[%emt 0:00:35]} 12. g3 {[%emt 0:04:09]} Nd7 {[%emt 0:02:53]} 13. c4 {[%emt 0:02:36]} O-O-O {[%emt 0:14:03]} 14. cxd5 {[%emt 0:04:20]} exd5 {[%emt 0:00:08]} 15. Rc1 {[%emt 0:00:55]} Ngf8 {[%emt 0:07:52]} 16. Qd2 {[%emt 0:02:36]} f6 {[%emt 0:03:53]} 17. exf6 {[%emt 0:04:58]} Nxf6 {[%emt 0:00:12]} 18. Ne5 {[%emt 0:00:48]} Ng6 {[%emt 0:02:47]} 19. Nxg6 {[%emt 0:23:41]} Bxg6 {[%emt 0:00:03]} 20. Na5 {[%emt 0:01:30]} Qb6 {[%emt 0:10:50]} 21. b4 {[%emt 0:04:10]} Ne4 {[%emt 0:05:33]} 22. Qb2 {[%emt 0:00:05]} Kb8 {[%emt 0:02:18]} 23. a3 {[%emt 0:03:32]} Rhf8 {[%emt 0:03:31]} 24. Nb3 {[%emt 0:01:10]} Bf5 {[%emt 0:03:50]} 25. f3 {[%emt 0:00:27]} Nd6 {[%emt 0:03:36]} 26. Nc5 {[%emt 0:00:08]} Rfe8 {[%emt 0:05:37]} 27. a4 {[%emt 0:05:05]} Re3 {[%emt 0:07:58]} 28. a5 {[%emt 0:01:11]} Qc7 {[%emt 0:01:29]} 29. b5 {[%emt 0:03:34]} Rde8 {[%emt 0:03:22]} 30. bxc6 {[%emt 0:01:18]} Qxc6 {[%emt 0:01:00]} 31. Na6+ {[%emt 0:00:40]} 1-0

[Event "AUT-ch 2018"]
[Site "Vienna"]
[Date "2018.07.23"]
[Round "3"]
[White "Sadilek, Maximilian"]
[Black "Charaus, Florian"]
[Result "1-0"]
[WhiteElo "2224"]
[BlackElo "2115"]
[Annotator "NA"]
[PlyCount "47"]
[EventDate "2018.07.22"]
[EventType "swiss"]
[EventCountry "AUT"]
[SourceTitle "playchess.com"]
[Source "ChessBase"]
[SourceQuality "1"]
[TimeControl "40/5400+30:1800+30"]

1. d4 {[%emt 0:00:00]} Nf6 {[%emt 0:01:09]} 2. Nf3 {[%emt 0:00:53]} g6 {[%emt 0:02:45]} 3. Nc3 {[%emt 0:00:27]} d5 {[%emt 0:00:55]} 4. Bf4 {[%emt 0:00:16]} Bg7 {[%emt 0:05:22]} 5. e3 {[%emt 0:00:23]} O-O {[%emt 0:00:15]} 6. Be2 {[%emt 0:00:10]} c6 {[%emt 0:02:32]} 7. h4 {[%emt 0:08:23]} h5 {[%emt 0:04:37]} 8. Ne5 {[%emt 0:05:24]} b5 {[%emt 0:03:56]} 9. g4 {[%emt 0:08:04]} hxg4 {[%emt 0:06:14]} 10. Nxg4 {[%emt 0:01:29]} Qa5 {[%emt 0:01:31]} 11. Nxf6+ {[%emt 0:01:37]} exf6 {[%emt 0:00:31]} 12. h5 {[%emt 0:09:33]} b4 {[%emt 0:03:42]} 13. Nb1 {[%emt 0:02:19]} f5 {[%emt 0:01:38]} 14. Nd2 {[%emt 0:03:00]} Ba6 {[%emt 0:01:00]} 15. Nb3 {[%emt 0:01:42]} Qb6 {[%emt 0:04:00]} 16. Nc5 {[%emt 0:00:51]} Bxe2 {[%emt 0:00:35]} 17. Qxe2 {[%emt 0:00:41]} Re8 {[%emt 0:00:07]} 18. Qd3 {[%emt 0:10:26]} a5 {[%emt 0:00:28]} 19. O-O-O {[%emt 0:01:07]} Na6 {[%emt 0:00:37]} 20. hxg6 {[%emt 0:05:25]} Nxc5 {[%emt 0:01:13]} 21. gxf7+ {[%emt 0:00:15]} Kxf7 {[%emt 0:00:04]} 22. Qxf5+ {[%emt 0:00:16]} Kg8 {[%emt 0:00:06]} 23. dxc5 {[%emt 0:02:05]} Qxc5 {[%emt 0:00:06]} 24. Rdg1 {[%emt 0:01:12]} 1-0

[Event "AUT-ch 2018"]
[Site "Vienna"]
[Date "2018.07.23"]
[Round "3"]
[White "Ly, Dominik"]
[Black "Zojer, Stefan"]
[Result "1/2-1/2"]
[WhiteElo "2217"]
[BlackElo "2108"]
[Annotator "TA"]
[PlyCount "87"]
[EventDate "2018.07.22"]
[EventType "swiss"]
[EventCountry "AUT"]
[SourceTitle "playchess.com"]
[Source "ChessBase"]
[SourceQuality "1"]

{[%evp 19,87,50,42,-16,-27,-55,-61,-62,-54,-52,-33,-40,-33,-35,-39,-29,0,0,8,-14,-14,-21,-22,0,-19,-22,-18,-33,-36,-128,-129,-127,-22,-22,-22,-38,-39,-32,-8,-8,-10,-71,0,0,0,-18,-14,-9,-8,-10,-18,-127,-60,-76,-66,-85,0,-8,0,0,0,0,0,0,0,0,0,0,0,0]} 1. d4 d5 2. c4 c6 3. cxd5 cxd5 4. Bf4 Nc6 5. Nc3 Nf6 6. Nf3 Bf5 7. e3 e6 8. Qb3 Bb4 9. Ne5 {D14: Slav Defence: Exchange variation with ...Bf5} Qa5 (9... Qb6 10. Nxc6 bxc6 11. Be2 Ne4 12. f3 Nxc3 13. bxc3 Be7 14. c4 Qxb3 15. axb3 Bb4+ 16. Kf2 a5 {1-0 (40) Li,C (2741)-Giri,A (2762) Palma de Mallorca 2017}) 10. Nxc6 bxc6 {LiveBook: 6 Games} 11. Rc1 (11. a3 $14 Bxc3+ 12. Qxc3 Qxc3+ 13. bxc3) 11... Ne4 $11 12. a3 Bxc3+ $1 13. bxc3 g5 $1 {[%cal Rg5f4]} 14. Bg3 O-O 15. Qb4 Qb6 16. Be2 Nxg3 $146 ({Predecessor:} 16... Rfc8) 17. hxg3 {[%cal Bh2g3,Bg3g4][%mdl 32]} Rab8 18. O-O $1 a5 19. Qe7 f6 20. g4 Rb7 21. Qd6 Rd8 22. Qg3 Bg6 23. f4 Qb2 24. f5 (24. Qe1 $15) 24... exf5 $17 ({Reject} 24... Qxe2 $6 25. fxg6 Rf8 26. gxh7+ Rxh7 27. Rce1 $11) 25. Bd3 f4 (25... Qxa3 $17 26. gxf5 Bf7) 26. exf4 $11 gxf4 27. Qf3 Bxd3 28. Qxd3 {Threatens to win with Rb1.} Qxa3 {With the idea ...Qd6.} 29. Ra1 Qe7 {White should prevent ...Qe3+.} 30. Rxf4 (30. Rxa5 $11 {keeps the balance.} Qe3+ 31. Qxe3 fxe3 32. Rxf6) 30... Rb2 ({Black should try} 30... Ra8 $17 {And now ...a4 would win.} 31. c4 Rd7) 31. Raf1 Re8 32. Kh1 a4 {...a3 is the strong threat.} 33. Rxf6 Qe4 {[%csl Gb2][%cal Re4g2]} 34. Qg3 $1 a3 {White must now prevent ...a2.} 35. R6f4 {[#]} (35. g5 $11 {remains equal.}) 35... Rb1 (35... Qe2 $1 $17 36. R4f2 Qe6) 36. Kh2 $1 $15 Rxf1 37. Rxf1 $17 {[%mdl 4096] Endgame [#] KQR-KQR} Qe3 (37... Qe7 $1 $17 38. Ra1 Qg5) 38. Qc7 {Hoping for Qf7+.The position is equal.} Qe7 39. Qxc6 Qe6 40. Qa4 Qh6+ 41. Kg1 Qe3+ 42. Kh2 Qh6+ 43. Kg1 Qe3+ 44. Kh2 {Precision: White = 41%, Black = 47%.} 1/2-1/2